[Event "NRW Class2 1819"]
[Site "Germany"]
[Date "2019.05.12"]
[Round "9.5"]
[White "Litwak, Aleksej"]
[Black "Luncescu, Christian"]
[Result "1-0"]
[WhiteElo "2277"]
[BlackElo "2151"]
[PlyCount "51"]
[EventDate "2018.09.16"]
[EventType "team-tourn"]
[EventRounds "9"]
[EventCountry "GER"]
[SourceTitle "EXT 2023"]
[Source "ChessBase"]
[SourceDate "2022.10.05"]
[SourceVersion "1"]
[SourceVersionDate "2022.10.05"]
[SourceQuality "1"]
[WhiteTeam "Plettenberg"]
[BlackTeam "Duesseldorf II"]
[WhiteTeamCountry "GER"]
[BlackTeamCountry "GER"]

1. e4 d5 2. exd5 Qxd5 3. Nc3 Qd6 4. d4 Nf6 5. Nf3 c6 6. Ne5 Nbd7 7. Nc4 Qc7 8. Qf3 Nb6 9. Bf4 Qd7 10. Nxb6 axb6 11. 0-0-0 Qg4 12. Qe3 Be6 13. d5 Nxd5 14. Nxd5 cxd5 15. h3 Qg6 16. Bb5+ Bd7 17. Bxd7+ Kxd7 18. Rxd5+ Ke8 19. Rhd1 e6 20. Rg5 Bc5 21. Qd2 Qf6 22. Be5 Qe7 23. Bxg7 Rg8 24. Bf6 Rxg5 25. Qxg5 Qf8 26. Qd2 1-0

[Event "AUT-chT2W 1718"]
[Site "Austria"]
[Date "2018.01.12"]
[Round "6.2"]
[White "Luncescu, Christian"]
[Black "Everett, Elijah David"]
[Result "0-1"]
[WhiteElo "2192"]
[BlackElo "2190"]
[PlyCount "118"]
[EventDate "2017.10.13"]
[EventType "team-tourn"]
[EventRounds "11"]
[EventCountry "AUT"]
[SourceTitle "EXT 2019"]
[Source "ChessBase"]
[SourceDate "2018.10.10"]
[SourceVersion "1"]
[SourceVersionDate "2018.10.10"]
[SourceQuality "1"]
[WhiteTeam "Salzburg ASK"]
[BlackTeam "Pradl"]
[WhiteTeamCountry "AUT"]
[BlackTeamCountry "AUT"]

1. e4 c5 2. Nc3 d6 3. g3 g6 4. Bg2 Bg7 5. d3 Nc6 6. Be3 e6 7. Qd2 Rb8 8. Nge2 Nd4 9. Nd1 b5 10. c3 Nxe2 11. Qxe2 Ba6 12. Qd2 b4 13. c4 Ne7 14. Rc1 Nc6 15. Bh6 0-0 16. h4 Bxh6 17. Qxh6 Qf6 18. h5 Qg7 19. Qxg7+ Kxg7 20. hxg6 hxg6 21. Ne3 Rh8 22. Kd2 Rxh1 23. Rxh1 Bc8 24. b3 a5 25. Nc2 a4 26. f4 e5 27. Bh3 Bxh3 28. Rxh3 axb3 29. axb3 Na5 30. Na1 Ra8 31. Rh1 Nc6 32. Nc2 Nd4 33. Nxd4 exd4 34. Rc1 Ra3 35. Rc2 Rxb3 36. Ra2 Kf6 37. Ra6 Ke7 38. Ra7+ Ke6 39. f5+ gxf5 40. exf5+ Kxf5 41. Rxf7+ Ke6 42. Rf8 Rb2+ 43. Kc1 Rg2 44. Rg8 b3 45. Re8+ Kf5 46. Rd8 b2+ 47. Kb1 Ke6 48. Re8+ Kf7 49. Rd8 Ke7 50. Rg8 Rd2 51. g4 Rxd3 52. g5 Rc3 53. g6 Rxc4 54. g7 Kf7 55. Rd8 Kxg7 56. Rxd6 Rb4 57. Rd5 Rb5 58. Rg5+ Kf6 59. Rg1 Ke5 0-1

[Event "Niederoesterreich Landesliga 1415"]
[Site "Austria"]
[Date "2015.03.22"]
[Round "11.4"]
[White "Wolfram, Bernd"]
[Black "Luncescu, Christian"]
[Result "1/2-1/2"]
[WhiteElo "2228"]
[BlackElo "2193"]
[PlyCount "81"]
[EventDate "2014.10.05"]
[EventType "team-tourn"]
[EventRounds "11"]
[EventCountry "AUT"]
[SourceTitle "EXT 2016"]
[Source "ChessBase"]
[SourceDate "2015.10.08"]
[SourceVersion "1"]
[SourceVersionDate "2015.10.08"]
[SourceQuality "1"]
[WhiteTeam "Mistelbach"]
[BlackTeam "Krems Voest"]
[WhiteTeamCountry "AUT"]
[BlackTeamCountry "AUT"]

1. c4 Nf6 2. g3 c6 3. Nf3 g6 4. b3 Bg7 5. Bb2 d5 6. Bg2 0-0 7. 0-0 Bf5 8. d3 h6 9. Nbd2 g5 10. Re1 Na6 11. a3 Bh7 12. b4 Nc7 13. e4 dxe4 14. dxe4 Ne6 15. h3 a5 16. Qb3 axb4 17. axb4 Qb6 18. c5 Qc7 19. Be5 Qc8 20. Rxa8 Qxa8 21. Ra1 Qc8 22. Qe3 Qd7 23. Ra7 Rd8 24. Bc3 Qc8 25. Ne5 Qb8 26. Ra2 Nd7 27. Nec4 Ne5 28. Nb6 Nd7 29. Ndc4 Nxb6 30. Nxb6 Bxc3 31. Qxc3 Nd4 32. Qe3 Kg7 33. f4 f6 34. Nc4 Bg8 35. Bf1 Bxc4 36. Bxc4 e5 37. Rf2 Rf8 38. Kg2 Qe8 39. Ra2 Qb8 40. Rf2 Qe8 41. Ra2 1/2-1/2

[Event "BL2-West 1314"]
[Site "Germany"]
[Date "2014.04.06"]
[Round "9.8"]
[White "Luncescu, Christian"]
[Black "Minor, Samuel"]
[Result "0-1"]
[WhiteElo "2198"]
[BlackElo "2220"]
[PlyCount "106"]
[EventDate "2013.10.13"]
[EventType "team-tourn"]
[EventRounds "9"]
[EventCountry "GER"]
[SourceTitle "EXT 2015"]
[Source "ChessBase"]
[SourceDate "2014.11.20"]
[SourceVersion "1"]
[SourceVersionDate "2014.11.20"]
[SourceQuality "1"]
[WhiteTeam "Duesseldorf"]
[BlackTeam "Wiesbaden"]
[WhiteTeamCountry "GER"]
[BlackTeamCountry "GER"]

1. e4 e6 2. d3 c5 3. Nc3 Nc6 4. g3 g6 5. Bg2 Bg7 6. Be3 d6 7. Qd2 Rb8 8. Nge2 b5 9. 0-0 Nd4 10. Nd1 Nxe2+ 11. Qxe2 Ne7 12. Qd2 e5 13. Bh6 0-0 14. Bxg7 Kxg7 15. f4 exf4 16. Rxf4 Be6 17. Ne3 Qd7 18. Raf1 Nc6 19. Rh4 f6 20. Nd5 Bxd5 21. Qh6+ Kg8 22. exd5 Ne5 23. Qd2 f5 24. h3 b4 25. Rhf4 Rbe8 26. b3 a5 27. c4 Rf7 28. d4 cxd4 29. Qxd4 Qa7 30. Qf2 Qxf2+ 31. R4xf2 Nd3 32. Rf3 Ne1 33. R3f2 Re3 34. Rd2 Nd3 35. Rfd1 Nc5 36. Kf2 Rfe7 37. Bf3 Kf7 38. g4 f4 39. h4 h6 40. g5 hxg5 41. hxg5 R7e5 42. Rd4 Kg7 43. R1d2 Rc3 44. Re2 Rxg5 45. Re7+ Kf6 46. Ra7 Rc2+ 47. Be2 Ke5 48. Rd1 Ne4+ 49. Ke1 Rg1+ 50. Bf1 f3 51. Re7+ Kf4 52. Rf7+ Kg4 53. Rd4 Re2+ 0-1

[Event "Oberliga NRW 1213"]
[Site "Germany"]
[Date "2013.02.17"]
[Round "6.7"]
[White "Krings, Christoph"]
[Black "Luncescu, Christian"]
[Result "1/2-1/2"]
[WhiteElo "2121"]
[BlackElo "2155"]
[PlyCount "106"]
[EventDate "2012.09.16"]
[EventType "team-tourn"]
[EventRounds "9"]
[EventCountry "GER"]
[SourceTitle "EXT 2017"]
[Source "ChessBase"]
[SourceDate "2016.10.25"]
[SourceVersion "1"]
[SourceVersionDate "2016.10.25"]
[SourceQuality "1"]
[WhiteTeam "Erkenschwick"]
[BlackTeam "Duesseldorf"]
[WhiteTeamCountry "GER"]
[BlackTeamCountry "GER"]

1. d4 Nf6 2. Nf3 g6 3. c4 Bg7 4. Nc3 d5 5. g3 dxc4 6. Qa4+ Nc6 7. Qxc4 Be6 8. Qa4 Nd5 9. Bg2 Nb6 10. Qd1 Rb8 11. Bf4 Nd5 12. Bc1 Nb6 13. Bf4 Nd5 14. Bc1 0-0 15. 0-0 Nb6 16. e3 Bc4 17. Re1 e5 18. b3 exd4 19. exd4 Be6 20. Bg5 Qd7 21. Ne5 Qxd4 22. Nxc6 bxc6 23. Rc1 Nd5 24. Qxd4 Bxd4 25. Nxd5 Bxd5 26. Bxd5 cxd5 27. Rxc7 Rfe8 28. Ree7 Bb6 29. Rcd7 Rxe7 30. Rxe7 Kg7 31. Rd7 Re8 32. Rxd5 Re2 33. Rd2 Bxf2+ 34. Kf1 Rxd2 35. Bxd2 Bd4 36. Ke2 Kf6 37. Kd3 Bg1 38. h3 Ke5 39. g4 f5 40. gxf5 Kxf5 41. b4 Ke5 42. Kc4 Kd6 43. b5 Bf2 44. Bf4+ Ke6 45. a4 Bb6 46. Bd2 h5 47. a5 Bf2 48. b6 axb6 49. a6 Kd7 50. Kb5 Kc8 51. Bf4 g5 52. Bxg5 Kb8 53. Bf4+ Ka7 1/2-1/2

[Event "NRW Class1 1112"]
[Site "Germany"]
[Date "2012.01.08"]
[Round "5.7"]
[White "Wieder, Heiner"]
[Black "Luncescu, Christian"]
[Result "0-1"]
[WhiteElo "2011"]
[BlackElo "2121"]
[PlyCount "84"]
[EventDate "2011.09.18"]
[EventType "team-tourn"]
[EventRounds "9"]
[EventCountry "GER"]
[SourceTitle "EXT 2015"]
[Source "ChessBase"]
[SourceDate "2014.11.20"]
[SourceVersion "1"]
[SourceVersionDate "2014.11.20"]
[SourceQuality "1"]
[WhiteTeam "Oberhausen"]
[BlackTeam "Duesseldorf"]
[WhiteTeamCountry "GER"]
[BlackTeamCountry "GER"]

1. e4 d5 2. exd5 Qxd5 3. Nc3 Qa5 4. Bc4 c6 5. Qf3 Nf6 6. Nge2 Qf5 7. Qg3 Qg4 8. d4 Qxg3 9. Nxg3 Nbd7 10. 0-0 Nb6 11. Bb3 e6 12. Re1 Be7 13. Bd2 0-0 14. Rad1 Rd8 15. Bg5 h6 16. Bxf6 Bxf6 17. Nce4 Be7 18. c4 a5 19. a3 a4 20. Ba2 Ra5 21. Nc3 Bf6 22. Nge4 Be7 23. Rd3 f5 24. Nd2 Bf6 25. Nf3 c5 26. d5 exd5 27. cxd5 c4 28. d6 Kf7 29. Rd2 Be6 30. Red1 Nd7 31. Nd5 Rxd5 32. Rxd5 Bxd5 33. Rxd5 Nb6 34. Rxf5 Rxd6 35. g4 Ke7 36. Ne5 Rd1+ 37. Kg2 Rc1 38. Ng6+ Kd6 39. Rb5 Kc6 40. Rb4 Rc2 41. Bb1 Rxb2 42. Be4+ Kc7 0-1

[Event "NRW Class1 1112"]
[Site "Germany"]
[Date "2011.12.04"]
[Round "4.5"]
[White "Luncescu, Christian"]
[Black "Rieke, Theo"]
[Result "1/2-1/2"]
[WhiteElo "2121"]
[BlackElo "2066"]
[PlyCount "111"]
[EventDate "2011.09.18"]
[EventType "team-tourn"]
[EventRounds "9"]
[EventCountry "GER"]
[SourceTitle "EXT 2015"]
[Source "ChessBase"]
[SourceDate "2014.11.20"]
[SourceVersion "1"]
[SourceVersionDate "2014.11.20"]
[SourceQuality "1"]
[WhiteTeam "Duesseldorf"]
[BlackTeam "Neuenkirchen"]
[WhiteTeamCountry "GER"]
[BlackTeamCountry "GER"]

1. e4 g6 2. d4 Bg7 3. Nc3 d6 4. Be3 c6 5. Qd2 Nd7 6. Nf3 Ngf6 7. Bh6 Bxh6 8. Qxh6 e5 9. dxe5 dxe5 10. 0-0-0 Ng4 11. Qd2 Qe7 12. h3 Ngf6 13. Bc4 0-0 14. Qh6 b5 15. Bb3 Nc5 16. Ng5 Nxb3+ 17. axb3 Re8 18. Rhe1 Bb7 19. f4 Rad8 20. Rxd8 Rxd8 21. fxe5 Qxe5 22. Rf1 Rd7 23. b4 a5 24. bxa5 b4 25. Na4 Ba6 26. Re1 Qxa5 27. b3 Qe5 28. Kb1 Bb5 29. Nf3 Qe7 30. Nb6 Rd8 31. e5 Nd5 32. Nxd5 Rxd5 33. Kb2 Rd8 34. Re4 Qc5 35. Qe3 Qxe3 36. Rxe3 Bf1 37. Ne1 Rd2 38. g4 Re2 39. Rxe2 Bxe2 40. Kc1 g5 41. Nd3 Bf1 42. Nxb4 Bxh3 43. Nxc6 Bxg4 44. Kd2 Kf8 45. Ke3 Ke8 46. b4 Kd7 47. Nd4 h5 48. c4 Be6 49. c5 Bd5 50. b5 h4 51. Nf3 Bxf3 52. Kxf3 h3 53. c6+ Kc7 54. Kg3 g4 55. Kh2 Kb6 56. Kg3 1/2-1/2

[Event "Dortmund Sparkassen op-A"]
[Site "Dortmund"]
[Date "2011.07.26"]
[Round "4"]
[White "Weber, Martin"]
[Black "Luncescu, Christian"]
[Result "0-1"]
[WhiteElo "2033"]
[BlackElo "2163"]
[PlyCount "38"]
[EventDate "2011.07.23"]
[EventType "swiss"]
[EventRounds "9"]
[EventCountry "GER"]
[SourceTitle "CBM 143 Extra"]
[Source "ChessBase"]
[SourceDate "2011.08.29"]
[SourceVersion "1"]
[SourceVersionDate "2011.08.29"]
[SourceQuality "1"]

1. d4 Nf6 2. Nf3 g6 3. Nc3 d5 4. Bf4 Bg7 5. e3 0-0 6. Be2 c5 7. Ne5 cxd4 8. exd4 Nc6 9. 0-0 Bf5 10. Nxc6 bxc6 11. Be5 Ne4 12. Nxe4 Bxe5 13. Nc5 Bg7 14. Bg4 Bxg4 15. Qxg4 e5 16. dxe5 Bxe5 17. c3 Bxh2+ 18. Kh1 Bd6 19. Nd7 f5 0-1

[Event "Dortmund Sparkassen op-A"]
[Site "Dortmund"]
[Date "2011.07.24"]
[Round "2"]
[White "Sehn, Norbert"]
[Black "Luncescu, Christian"]
[Result "1/2-1/2"]
[WhiteElo "2083"]
[BlackElo "2163"]
[PlyCount "86"]
[EventDate "2011.07.23"]
[EventType "swiss"]
[EventRounds "9"]
[EventCountry "GER"]
[SourceTitle "CBM 143 Extra"]
[Source "ChessBase"]
[SourceDate "2011.08.29"]
[SourceVersion "1"]
[SourceVersionDate "2011.08.29"]
[SourceQuality "1"]

1. d4 Nf6 2. Nf3 g6 3. g3 c6 4. Bg2 Bg7 5. 0-0 0-0 6. b3 d5 7. Nbd2 Ne4 8. Bb2 Nxd2 9. Qxd2 a5 10. a4 Nd7 11. Rfd1 Nf6 12. Ne5 Ne4 13. Qe1 f6 14. Nd3 Nd6 15. Rac1 Be6 16. c3 Qc8 17. Ba3 Bh3 18. Bh1 Bh6 19. Rc2 Qf5 20. Bc1 Bxc1 21. Rdxc1 e5 22. f3 e4 23. Nf4 exf3 24. exf3 Rae8 25. Re2 Rxe2 26. Qxe2 Re8 27. Qd2 h5 28. Re1 Rxe1+ 29. Qxe1 Kf7 30. Qc1 Qd7 31. Bg2 Bxg2 32. Kxg2 Qe7 33. Kf2 Nf5 34. Qd2 Qa3 35. Qc2 Qa1 36. Nxg6 Qh1 37. Qxf5 Qxh2+ 38. Ke3 Qg1+ 39. Ke2 Qg2+ 40. Kd3 Qf1+ 41. Kc2 Qe2+ 42. Kc1 Qe1+ 43. Kc2 Qe2+ 1/2-1/2

[Event "Maastricht Limburg op-A 5th"]
[Site "Maastricht"]
[Date "2011.06.13"]
[Round "3"]
[White "Ducarmon, Renzo"]
[Black "Luncescu, Christian"]
[Result "1/2-1/2"]
[WhiteElo "1960"]
[BlackElo "2190"]
[PlyCount "127"]
[EventDate "2011.06.10"]
[EventType "swiss"]
[EventRounds "7"]
[EventCountry "NED"]
[SourceTitle "CBM 142 Extra"]
[Source "ChessBase"]
[SourceDate "2011.06.27"]
[SourceVersion "1"]
[SourceVersionDate "2011.06.27"]
[SourceQuality "1"]

1. e4 d5 2. exd5 Qxd5 3. Nc3 Qa5 4. d4 c6 5. Nf3 Nf6 6. Bc4 Bf5 7. Bd2 e6 8. Qe2 Bb4 9. 0-0-0 Nbd7 10. a3 Bxc3 11. Bxc3 Qc7 12. Ne5 Nxe5 13. dxe5 Nd5 14. Bd2 0-0-0 15. g4 Bg6 16. f4 h5 17. h3 hxg4 18. hxg4 Rxh1 19. Rxh1 Qb6 20. Rf1 Qd4 21. Bb3 Be4 22. Re1 Bg6 23. Rf1 Qe4 24. Qf2 Nb6 25. Be3 Nc4 26. Re1 Nxe3 27. Qxe3 Qxe3+ 28. Rxe3 Rh8 29. Re1 Kc7 30. Rg1 Kd7 31. Rf1 Be4 32. f5 Rh1 33. Rxh1 Bxh1 34. Kd2 exf5 35. gxf5 Be4 36. Bxf7 Bxf5 37. c3 Ke7 38. Ba2 c5 39. Ke3 b5 40. Kf4 Bd3 41. Bd5 Bc4 42. Be4 Bb3 43. Bc6 Bc4 44. Be4 Ke6 45. Bf5+ Kf7 46. Bd7 Ke7 47. Bf5 Be6 48. Bd3 Bd7 49. Kg5 Be8 50. Kf4 Ke6 51. b4 cxb4 52. axb4 Kd5 53. Be2 Bd7 54. Bf1 a6 55. Be2 Bc8 56. Bf1 Be6 57. Bg2+ Kc4 58. Bb7 Kxc3 59. Bxa6 Kxb4 60. Kg5 Bf7 61. e6 Be8 62. Bc8 Kc5 63. Bd7 Kd6 64. Bxe8 1/2-1/2

[Event "Maastricht Limburg op-A 5th"]
[Site "Maastricht"]
[Date "2011.06.13"]
[Round "2"]
[White "Luncescu, Christian"]
[Black "Dorr, Yannick"]
[Result "1-0"]
[WhiteElo "2190"]
[BlackElo "1917"]
[PlyCount "35"]
[EventDate "2011.06.10"]
[EventType "swiss"]
[EventRounds "7"]
[EventCountry "NED"]
[SourceTitle "CBM 142 Extra"]
[Source "ChessBase"]
[SourceDate "2011.06.27"]
[SourceVersion "1"]
[SourceVersionDate "2011.06.27"]
[SourceQuality "1"]

1. e4 c5 2. Nc3 Nc6 3. g3 Nf6 4. Bg2 d6 5. d3 g6 6. h3 Bg7 7. Be3 a6 8. Qd2 Qc7 9. Bh6 0-0 10. h4 Bxh6 11. Qxh6 e5 12. h5 Nd4 13. 0-0-0 b5 14. Qg5 Qe7 15. f4 Bg4 16. Rf1 b4 17. fxe5 dxe5 18. Rxf6 1-0

[Event "Maastricht Limburg op-A 5th"]
[Site "Maastricht"]
[Date "2011.06.12"]
[Round "4"]
[White "Luncescu, Christian"]
[Black "Van Oosterom, Chiel"]
[Result "1/2-1/2"]
[WhiteElo "2190"]
[BlackElo "2422"]
[PlyCount "166"]
[EventDate "2011.06.10"]
[EventType "swiss"]
[EventRounds "7"]
[EventCountry "NED"]
[SourceTitle "CBM 142 Extra"]
[Source "ChessBase"]
[SourceDate "2011.06.27"]
[SourceVersion "1"]
[SourceVersionDate "2011.06.27"]
[SourceQuality "1"]

1. e4 c5 2. Nc3 Nc6 3. g3 g6 4. Bg2 Bg7 5. d3 d6 6. Be3 e5 7. Qd2 Nge7 8. f4 Nd4 9. Nf3 Bg4 10. 0-0 Qd7 11. Rab1 0-0 12. Ne2 b6 13. fxe5 dxe5 14. Nexd4 cxd4 15. Bh6 f6 16. Bxg7 Kxg7 17. Rf2 Be6 18. c4 b5 19. b3 a5 20. Rbf1 b4 21. h4 h5 22. Kh2 Ng8 23. Kg1 Qd6 24. Nh2 Rf7 25. Bf3 Nh6 26. Bd1 Bh3 27. Re1 Bd7 28. Rg2 Bh3 29. Rf2 Ra6 30. Nf3 Qc5 31. Kh2 Bd7 32. Kg2 a4 33. Nh2 axb3 34. axb3 Ra1 35. Bf3 Ra3 36. Bd1 Be6 37. Ref1 Ra6 38. Qc1 Qc8 39. Kg1 Bh3 40. Re1 Rfa7 41. Rb2 Nf7 42. Qd2 Rb6 43. Ra2 Rxa2 44. Qxa2 Qa6 45. Re2 Nd8 46. Rf2 Ne6 47. Qb1 Qb7 48. Ra2 Ra6 49. Qa1 Nc5 50. Bc2 Bg4 51. Kf2 f5 52. Rxa6 Qxa6 53. Qxa6 Nxa6 54. Nf3 Bxf3 55. Kxf3 Nc5 56. Ke2 Kf6 57. Kf3 Ne6 58. Bd1 Nc5 59. Bc2 g5 60. exf5 Kxf5 61. hxg5 Kxg5 62. Kf2 Kf5 63. Kg2 Kf6 64. Kf3 Kg5 65. Kf2 h4 66. gxh4+ Kxh4 67. Kf3 Kg5 68. Kg3 e4 69. dxe4 d3 70. Bd1 Nxe4+ 71. Kf3 Nc3 72. Ke3 Nxd1+ 73. Kxd3 Kf5 74. c5 Nc3 75. Kc4 Na2 76. Kd5 Nc3+ 77. Kc4 Na2 78. c6 Ke6 79. Kc5 Nc1 80. Kxb4 Kd6 81. Kb5 Nxb3 82. Kb6 Na5 83. c7 Kd7 1/2-1/2

[Event "Duesseldorf Post op"]
[Site "Duesseldorf"]
[Date "2010.12.31"]
[Round "7"]
[White "Luncescu, Christian"]
[Black "Rettenbacher, Stefan"]
[Result "1-0"]
[WhiteElo "2101"]
[BlackElo "2041"]
[PlyCount "103"]
[EventDate "2010.12.26"]
[EventType "swiss"]
[EventRounds "7"]
[EventCountry "GER"]
[SourceTitle "CBM 140 Extra"]
[Source "ChessBase"]
[SourceDate "2011.03.01"]
[SourceVersion "1"]
[SourceVersionDate "2011.03.01"]
[SourceQuality "1"]

1. e4 e6 2. d3 d5 3. Nd2 c5 4. Ngf3 Nc6 5. g3 Nf6 6. Bg2 Be7 7. 0-0 Qc7 8. Re1 0-0 9. e5 Nd7 10. Qe2 b5 11. Nf1 a5 12. h4 b4 13. Bf4 Ba6 14. Ne3 Rac8 15. Nxd5 exd5 16. e6 Bd6 17. Bxd6 Qxd6 18. exd7 Qxd7 19. Ne5 Nxe5 20. Qxe5 Rcd8 21. d4 c4 22. c3 Qb5 23. h5 h6 24. Qf5 Bc8 25. Qf4 Be6 26. Bf3 Qb8 27. Qd2 Rd6 28. Re5 Rfd8 29. Rae1 bxc3 30. bxc3 Rb6 31. Qc1 Rb2 32. R5e2 Rb5 33. Qa3 Qc8 34. Rb2 Qd7 35. Rxb5 Qxb5 36. Kg2 Rb8 37. Re5 Rb7 38. Re2 Qd7 39. Qxa5 Ra7 40. Qb4 Rb7 41. Qa3 Ra7 42. Qc1 Qa4 43. Qf4 Rb7 44. Qc1 Qa5 45. Qc2 Rb8 46. Kh2 Qa3 47. Qd2 Kf8 48. Rxe6 fxe6 49. Qf4+ Ke7 50. Qc7+ Kf6 51. Qxb8 Qxc3 52. Qf8+ 1-0

[Event "Duesseldorf Post op"]
[Site "Duesseldorf"]
[Date "2010.12.28"]
[Round "4"]
[White "De Gleria, Francesco"]
[Black "Luncescu, Christian"]
[Result "1-0"]
[WhiteElo "2367"]
[BlackElo "2101"]
[PlyCount "45"]
[EventDate "2010.12.26"]
[EventType "swiss"]
[EventRounds "7"]
[EventCountry "GER"]
[SourceTitle "CBM 140 Extra"]
[Source "ChessBase"]
[SourceDate "2011.03.01"]
[SourceVersion "1"]
[SourceVersionDate "2011.03.01"]
[SourceQuality "1"]

1. e4 d5 2. exd5 Qxd5 3. Nc3 Qa5 4. Bc4 c6 5. Qf3 Nf6 6. Qg3 g6 7. Nf3 Bg7 8. 0-0 0-0 9. d3 Bg4 10. Ng5 h6 11. Nce4 Nxe4 12. dxe4 hxg5 13. Qxg4 e6 14. Bxg5 Nd7 15. Qh4 Nb6 16. Bb3 Bxb2 17. Rad1 Bg7 18. Rd3 Rfe8 19. f4 Nc4 20. Rh3 Qc5+ 21. Kh1 f5 22. Qh7+ Kf7 23. Rh6 1-0

[Event "Maastricht Limburg op-A 4th"]
[Site "Maastricht"]
[Date "2010.05.24"]
[Round "6"]
[White "Hortensius, Lisa"]
[Black "Luncescu, Christian"]
[Result "0-1"]
[WhiteElo "2063"]
[BlackElo "2131"]
[PlyCount "117"]
[EventDate "2010.05.21"]
[EventType "swiss"]
[EventRounds "7"]
[EventCountry "NED"]
[SourceTitle "CBM 136 Extra"]
[Source "ChessBase"]
[SourceDate "2010.07.02"]
[SourceVersion "2"]
[SourceVersionDate "2010.07.15"]
[SourceQuality "1"]

1. e4 d5 2. exd5 Qxd5 3. Nc3 Qa5 4. d4 c6 5. Nf3 Nf6 6. Bc4 Bf5 7. Bd2 e6 8. Ne4 Qc7 9. Ng3 Bg6 10. h4 Ne4 11. Nxe4 Bxe4 12. Bb3 Nd7 13. Qe2 Bxf3 14. Qxf3 Nf6 15. 0-0-0 0-0-0 16. Bg5 Be7 17. Rhe1 h6 18. Bf4 Bd6 19. Be5 Bxe5 20. dxe5 Rxd1+ 21. Qxd1 Rd8 22. Qe2 Nd7 23. c3 Qa5 24. Kb1 Qc5 25. f4 g6 26. g4 Qe7 27. Qf2 Nc5 28. Bc2 Nd3 29. Bxd3 Rxd3 30. Kc2 Qd8 31. f5 gxf5 32. gxf5 Rd5 33. Qf4 h5 34. fxe6 fxe6 35. Re4 Qg8 36. Re2 Qg6+ 37. Qe4 Qg7 38. c4 Rd8 39. Rd2 Rxd2+ 40. Kxd2 Qg3 41. Qd4 Qg2+ 42. Kc3 Qg3+ 43. Kc2 Qg2+ 44. Kc3 Qg3+ 45. Kc2 Qg7 46. Qd6 Qf7 47. Qd4 Kc7 48. Qd6+ Kc8 49. Qd4 a6 50. a3 Qf1 51. Kc3 Qf3+ 52. Kc2 b5 53. cxb5 axb5 54. Qd6 Qe2+ 55. Kc1 Qc4+ 56. Kb1 Qe4+ 57. Kc1 Qc4+ 58. Kb1 Qd5 59. Qf8+ 0-1

[Event "Oberhausen op"]
[Site "Oberhausen"]
[Date "2010.04.03"]
[Round "4"]
[White "Luncescu, Christian"]
[Black "Zatonskih, Anna"]
[Result "0-1"]
[WhiteElo "2070"]
[BlackElo "2466"]
[PlyCount "88"]
[EventDate "2010.04.01"]
[EventType "swiss"]
[EventRounds "7"]
[EventCountry "GER"]
[SourceTitle "CBM 135 Extra"]
[Source "ChessBase"]
[SourceDate "2010.05.04"]
[SourceVersion "1"]
[SourceVersionDate "2010.05.04"]
[SourceQuality "1"]

1. e4 c6 2. c4 d5 3. exd5 cxd5 4. cxd5 Nf6 5. Nc3 Nxd5 6. Nf3 e6 7. Bc4 Nxc3 8. bxc3 Be7 9. d4 0-0 10. 0-0 b6 11. Bb2 Ba6 12. Bxa6 Nxa6 13. Qe2 Nc7 14. a4 Rc8 15. c4 Ne8 16. Rfd1 Nd6 17. Rac1 Re8 18. c5 Nf5 19. cxb6 axb6 20. Rxc8 Qxc8 21. d5 Bc5 22. dxe6 Rxe6 23. Qd3 Rd6 24. Qb3 h6 25. Rxd6 Nxd6 26. Qd3 Qe8 27. Qc2 Ne4 28. Bd4 Bxd4 29. Nxd4 Nc5 30. g3 Qxa4 31. Qxa4 Nxa4 32. Kf1 Kf8 33. Ke2 Nc5 34. Nf5 g6 35. Nd6 Nd7 36. Kd3 Ke7 37. Nc4 Ke6 38. Kd4 g5 39. Ne3 Ne5 40. Nd5 Nf3+ 41. Kc4 Nd2+ 42. Kd4 Nb3+ 43. Kc4 b5+ 44. Kxb3 Kxd5 0-1

[Event "GER-chT U20"]
[Site "Kelbra"]
[Date "2006.12.29"]
[Round "5.5"]
[White "Luncescu, Christian"]
[Black "Franke, Michael"]
[Result "1/2-1/2"]
[WhiteElo "1999"]
[BlackElo "2129"]
[PlyCount "138"]
[EventDate "2006.12.27"]
[EventType "team-swiss"]
[EventRounds "7"]
[EventCountry "GER"]
[SourceTitle "EXT 2008"]
[Source "ChessBase"]
[SourceDate "2007.11.25"]
[SourceVersion "1"]
[SourceVersionDate "2007.11.25"]
[SourceQuality "1"]
[WhiteTeam "Bochum SG 31 U20"]
[BlackTeam "Eppingen U20"]
[WhiteTeamCountry "GER"]
[BlackTeamCountry "GER"]

1. e4 e6 2. d4 d5 3. Nc3 Bb4 4. e5 c5 5. a3 Bxc3+ 6. bxc3 Qc7 7. Nf3 b6 8. Be3 Ne7 9. Bd3 Bd7 10. h4 Ba4 11. Rh3 cxd4 12. cxd4 Qc3+ 13. Ke2 Nf5 14. g4 Nxe3 15. fxe3 Nc6 16. Qe1 Qxe1+ 17. Rxe1 Na5 18. Kd2 Rc8 19. Rhh1 0-0 20. Ng5 Nc4+ 21. Bxc4 Rxc4 22. c3 Bd7 23. Nf3 Ra4 24. Ra1 Bc8 25. Rh2 b5 26. Ne1 a5 27. Nd3 f6 28. Rf2 fxe5 29. Rxf8+ Kxf8 30. Nxe5 b4 31. cxb4 axb4 32. Rf1+ Ke8 33. axb4 Rxb4 34. Rf7 Rb7 35. Rxb7 Bxb7 36. Kc3 Ke7 37. g5 Ba6 38. Kb4 Kd6 39. Ka5 Be2 40. Kb6 Bh5 41. Kb7 Be2 42. Kc8 Ke7 43. Kc7 h6 44. Ng6+ Kf7 45. Nf4 Bg4 46. Kd6 hxg5 47. hxg5 Bf5 48. Ke5 Bg4 49. Nd3 Bf5 50. Nc5 Ke7 51. Nb7 Bg4 52. Nd6 Bh3 53. Nb7 Bg4 54. Nc5 Bf5 55. Na4 Bg4 56. Nc3 Bh3 57. Ne2 Bf5 58. Ng3 Bg4 59. Kf4 Bh3 60. Nh5 Kf7 61. Kg3 Bf5 62. Nf4 Ke7 63. Kh4 g6 64. Kg3 Kd6 65. Ng2 e5 66. Ne1 Be4 67. Nf3 Bxf3 68. Kxf3 exd4 69. exd4 Ke6 1/2-1/2

[Event "GER-chT U20"]
[Site "Kelbra"]
[Date "2006.12.29"]
[Round "6.5"]
[White "Luncescu, Christian"]
[Black "Held, Florian"]
[Result "1/2-1/2"]
[WhiteElo "1999"]
[BlackElo "2052"]
[PlyCount "115"]
[EventDate "2006.12.27"]
[EventType "team-swiss"]
[EventRounds "7"]
[EventCountry "GER"]
[SourceTitle "EXT 2008"]
[Source "ChessBase"]
[SourceDate "2007.11.25"]
[SourceVersion "1"]
[SourceVersionDate "2007.11.25"]
[SourceQuality "1"]
[WhiteTeam "Bochum SG 31 U20"]
[BlackTeam "Hamburger SK U20"]
[WhiteTeamCountry "GER"]
[BlackTeamCountry "GER"]

1. e4 e5 2. Nf3 Nc6 3. d4 exd4 4. Nxd4 Bc5 5. Nxc6 Qf6 6. Qf3 Qxf3 7. gxf3 dxc6 8. Nc3 Be6 9. Be3 Bxe3 10. fxe3 0-0-0 11. Bd3 Ne7 12. 0-0-0 c5 13. Be2 c6 14. Rhg1 Rxd1+ 15. Rxd1 Rd8 16. f4 Rxd1+ 17. Kxd1 Kc7 18. Bf3 f6 19. a3 Nc8 20. Kd2 Nd6 21. Be2 Nc4+ 22. Bxc4 Bxc4 23. Ne2 Kd6 24. Ng3 Ke6 25. b3 Ba6 26. c4 b6 27. Ne2 g6 28. Nc1 Bc8 29. Nd3 Ke7 30. e5 f5 31. Ke2 Be6 32. Kf3 Bf7 33. e4 Ke6 34. Nf2 h6 35. exf5+ gxf5 36. Ke3 Bh5 37. Kd3 Bf3 38. Kc3 Be2 39. Nd3 Bf1 40. b4 cxb4+ 41. axb4 Be2 42. Nc1 Bh5 43. Nb3 Kd7 44. Nd4 Bg6 45. Kb3 c5 46. bxc5 bxc5 47. Nb5 a6 48. Nc3 Bf7 49. Nd1 Kc6 50. Ne3 Be6 51. Ka4 Kb6 52. Kb3 Kc6 53. Ng2 Bg8 54. Nh4 Be6 55. Ng6 Kc7 56. Nh4 Kc6 57. Ng2 Bg8 58. Ne3 1/2-1/2